书目信息 |
| 题名: |
蛋白质纯化技术及应用
|
|
| 作者: | 陆健 编著 | |
| 分册: | ||
| 出版信息: | 北京 化学工业出版社 2005 |
|
| 页数: | 338页 | |
| 开本: | 24cm | |
| 丛书名: | 食品系列丛书 | |
| 单 册: | ||
| 中图分类: | Q51 | |
| 科图分类: | ||
| 主题词: | 蛋白质--提纯--技术 , 蛋白质 , 提纯 | |
| 电子资源: | ||
| ISBN: | 7-5025-7382-8 | |
| 000 | 00924oam2 2200277 450 | |
| 001 | 012007658497 | |
| 005 | 20070525152403.59 | |
| 010 | @a7-5025-7382-8@dCNY49.00 | |
| 100 | @a20070517d2005 km y0chiy0120 ea | |
| 101 | 0 | @achi |
| 102 | @aCN@b110000 | |
| 105 | @ay z 000yy | |
| 106 | @ar | |
| 200 | 1 | @a蛋白质纯化技术及应用@Adan bai zhi chun hua ji shu ji ying yong@f陆健等编著@Flu jian deng bian zhu |
| 210 | @a北京@c化学工业出版社@d2005 | |
| 215 | @a338页@d24cm | |
| 225 | 2 | @a食品系列丛书 |
| 330 | @a本书全面而系统深入地介绍了蛋白质纯化理论,并且将理论和实践联系,便于读者系统了解蛋白质纯化技术和具体实践应用过程。书中既介绍了基本实验步骤,还介绍了综合性蛋白质纯化研究的实例。 | |
| 461 | 0 | @12001 @a食品系列丛书 |
| 606 | 0 | @a蛋白质@x提纯@x技术 |
| 606 | 0 | @a蛋白质 |
| 606 | 0 | @a提纯 |
| 690 | @aQ51@v4 | |
| 701 | 0 | @a陆健@Alu jian@c(生物学)@4编著 |
| 801 | 0 | @aCN@bRULIN@c20070525 |
| 905 | @dQ51@e141@s8 | |
| 蛋白质纯化技术及应用/陆健等编著.-北京:化学工业出版社,2005 |
| 338页;24cm.-(食品系列丛书) |
| ISBN 7-5025-7382-8:CNY49.00 |
| 本书全面而系统深入地介绍了蛋白质纯化理论,并且将理论和实践联系,便于读者系统了解蛋白质纯化技术和具体实践应用过程。书中既介绍了基本实验步骤,还介绍了综合性蛋白质纯化研究的实例。 |
| ● |
| 相关链接 |
|
|
|
|
正题名:蛋白质纯化技术及应用
索取号:Q51/141
 
预约/预借
| 序号 | 登录号 | 条形码 | 馆藏地/架位号 | 状态 | 备注 |
| 1 | 0580767 | 205807670 | 第二样本阅览室/ [索取号:Q51/141] | 在馆 | |
| 2 | 0580768 | 205807689 | 第三借阅区/ [索取号:Q51/141] | 在馆 | |
| 3 | 0580769 | 205807698 | 第三借阅区/ [索取号:Q51/141] | 在馆 | |
| 4 | 0580770 | 205807705 | 第三借阅区/ [索取号:Q51/141] | 在馆 | |
| 5 | 0580771 | 205807714 | 第三借阅区/ [索取号:Q51/141] | 在馆 | |
| 6 | 0580772 | 205807723 | 第三借阅区/ [索取号:Q51/141] | 在馆 | |
| 7 | 0580773 | 205807732 | 第三借阅区/ [索取号:Q51/141] | 在馆 | |
| 8 | 0580774 | 205807741 | 第三借阅区/ [索取号:Q51/141] | 在馆 |